Геологическая карта Зейского золотоносного района: описание листа II-2
| Glavni avtor: | |
|---|---|
| Corporate Authors: | , |
| Jezik: | ruščina angleščina |
| Izdano: |
Москва, Геологическое изд-во, 1930
|
| Serija: | Труды Главного геолого-разведочного управления ВСНХ СССР Вып. 8 Труды института Цветных металлов |
| Teme: | |
| Format: | Knjiga |
| KOHA link: | https://koha.lib.tpu.ru/cgi-bin/koha/opac-detail.pl?biblionumber=337518 |
MARC
| LEADER | 00000nam0a2200000 4500 | ||
|---|---|---|---|
| 001 | 337518 | ||
| 005 | 20231102004946.0 | ||
| 035 | |a (RuTPU)RU\TPU\book\364006 | ||
| 035 | |a RU\TPU\book\300120 | ||
| 090 | |a 337518 | ||
| 100 | |a 20171108d1930 k y0rusy50 ca | ||
| 101 | 0 | |a rus |a eng | |
| 102 | |a RU | ||
| 105 | |a b z 000zy | ||
| 200 | 1 | |a Геологическая карта Зейского золотоносного района |e описание листа II-2 |f П. К. Яворовский |g СССР, Главное геологоразведочное управление ; Институт цветных металлов | |
| 210 | |a Москва |a Ленинград |c Геологическое изд-во |d 1930 | ||
| 215 | |a 31 с. |c 1 карта | ||
| 225 | 1 | |a Труды Главного геолого-разведочного управления ВСНХ СССР |v Вып. 8 | |
| 225 | 1 | |a Труды института Цветных металлов | |
| 317 | |5 63413507: 181695 |a Поступила в НТБ в 1940 г. в составе книжного собрания академика М. А. Усова. | ||
| 606 | 1 | |a Золоторудные месторождения |y Дальний Восток России |2 stltpush |3 (RuTPU)RU\TPU\subj\72697 |9 86106 | |
| 606 | 1 | |a Геологические карты |2 stltpush |3 (RuTPU)RU\TPU\subj\6050 |9 34014 | |
| 610 | 1 | |a Зейский золотоносный район | |
| 610 | 1 | |a золотоносность | |
| 610 | 1 | |a геологические исследования | |
| 610 | 1 | |a библиотека М. А. Усова | |
| 610 | 1 | |a Амурская область | |
| 675 | |a 553.411(571.6) |v 3 | ||
| 675 | |a 550.8:528 |v 3 | ||
| 700 | 1 | |a Яворовский |b П. К. |c геолог |f 1862-1920 |g Петр Казимирович |2 stltpush |3 (RuTPU)RU\TPU\pers\22181 | |
| 712 | 0 | 1 | |a СССР |b Главное геологоразведочное управление |c (1928-1931) |2 stltpush |3 (RuTPU)RU\TPU\col\18482 |9 27044 |
| 712 | 0 | 2 | |a Институт цветных металлов |c (Ленинград) |c (1929-1931) |2 stltpush |3 (RuTPU)RU\TPU\col\23543 |9 28340 |
| 801 | 1 | |a RU |b 63413507 |c 20131230 | |
| 801 | 2 | |a RU |b 63413507 |c 20180212 |g RCR | |
| 942 | |c BK | ||